banner koha

Desempenho agronômico de cultivares de alface crespa roxa na Amazônia Central (Registro n. 332192)

MARC details
000 -LÍDER
fixed length control field 01200nab a2200313 i 4500
003 - CÓDIGO MARC DA AGÊNCIA CATALOGADORA
Campo de controle BR-BrBNA
005 - DATA E HORA DA ÚLTIMA ATUALIZAÇÃO
Campo de controle 20250624093805.0
008 - CAMPO DE TAMANHO FIXO
fixed length control field 250624b2021 bl.ar|pooa||| 00| 0 por |
040 ## - FONTE DA CATALOGAÇÃO
Agência catalogadora BR-BrBNA
Idioma da catalogação por
072 ## - CATEGORIA AGRIS
Código AGRIS F40
Código do objeto 1660
072 ## - CATEGORIA AGRIS
Código AGRIS F30
100 ## - ENTRADA PRINCIPAL - NOME PESSOAL
Nome pessoal Costa Júnior, Ari Batista da
100 ## - ENTRADA PRINCIPAL - NOME PESSOAL
Nome pessoal Kano, Cristiaini
100 ## - ENTRADA PRINCIPAL - NOME PESSOAL
Nome pessoal Chaves, Francisco Célio Maia
100 ## - ENTRADA PRINCIPAL - NOME PESSOAL
Nome pessoal Santos, André R. Morais dos
100 ## - ENTRADA PRINCIPAL - NOME PESSOAL
Nome pessoal Gentil, Daniel F. de Oliveira
100 ## - ENTRADA PRINCIPAL - NOME PESSOAL
Nome pessoal Marialva, Èrica Ellen Alfaia
245 ## - TÍTULO PRINCIPAL
Título principal Desempenho agronômico de cultivares de alface crespa roxa na Amazônia Central
500 ## - NOTA GERAL
Nota geral <br/><br/>Publicação online; 10 ref.; Summaries (En, Pt)
942 ## - ADDED ENTRY ELEMENTS (KOHA)
Koha item type Analítica
650 ## - ASSUNTO - THESAGRO
Cabeçalho tópico ou nome geográfico ALFACE
650 ## - ASSUNTO - THESAGRO
Cabeçalho tópico ou nome geográfico CRESCIMENTO
650 ## - ASSUNTO - THESAGRO
Cabeçalho tópico ou nome geográfico COMPORTAMENTO DE VARIEDADE
650 ## - ASSUNTO - THESAGRO
Cabeçalho tópico ou nome geográfico CONDIÇÃO AMBIENTAL
650 ## - ASSUNTO - THESAGRO
Cabeçalho tópico ou nome geográfico AMAZÔNIA CENTRAL
773 0# - ENTRADA ANALÍTICA
Host Biblionumber 3551
Registro do item 345999
Imprenta Belém-PA Faculdade de Ciências Agrárias do Pará 1999
Outro identificador 2024-6648
Título Revista de Ciências Agrárias (Brazil)
ISSN 1517-591X Impresso/Versão online ISSN 2177-8760
Colação v. 64 p. 1-6; (2021)
Número de controle de registro BR2025003931
856 ## - ACESSO E ENDEREÇO ELETRÔNICO
Identificador uniforme de recurso - URI https://ajaes.ufra.edu.br/index.php/ajaes/article/view/3436/1620

Nenhum exemplar disponível.

BINAGRI

Telefone: (61)3218-2567/2388/3357/2097 - binagri@agro.gov.br

Ministério da Agricultura e Pecuária , Esplanada dos Ministérios, Bloco D, Anexo B, Brasília/DF, CEP: 70.043-900